Study on influence of performance appraisal on employee productivity in KIOCL, Mangalore / (Record no. 231815)
[ view plain ]
| 000 -LEADER | |
|---|---|
| fixed length control field | 00692nam a22002057a 4500 |
| 003 - CONTROL NUMBER IDENTIFIER | |
| control field | OSt |
| 005 - DATE AND TIME OF LATEST TRANSACTION | |
| control field | 20240918084814.0 |
| 008 - FIXED-LENGTH DATA ELEMENTS--GENERAL INFORMATION | |
| fixed length control field | 240917b ||||| |||| 00| 0 eng d |
| 040 ## - CATALOGING SOURCE | |
| Transcribing agency | AIMIT LIBRARY |
| 100 ## - MAIN ENTRY--PERSONAL NAME | |
| Personal name | B, Varsha. |
| Relator term | 2216225 |
| 9 (RLIN) | 179243 |
| 245 ## - TITLE STATEMENT | |
| Title | Study on influence of performance appraisal on employee productivity in KIOCL, Mangalore / |
| Statement of responsibility, etc. | By Varsha B; Guided by Harinakshi. |
| 260 ## - PUBLICATION, DISTRIBUTION, ETC. | |
| Place of publication, distribution, etc. | Mangalore ; |
| Date of publication, distribution, etc. | 2024. |
| 650 ## - SUBJECT ADDED ENTRY--TOPICAL TERM | |
| Topical term or geographic name entry element | Company profile |
| 9 (RLIN) | 179244 |
| 650 ## - SUBJECT ADDED ENTRY--TOPICAL TERM | |
| Topical term or geographic name entry element | Literature review |
| 9 (RLIN) | 179245 |
| 650 ## - SUBJECT ADDED ENTRY--TOPICAL TERM | |
| Topical term or geographic name entry element | Research methodology |
| 9 (RLIN) | 179246 |
| 650 ## - SUBJECT ADDED ENTRY--TOPICAL TERM | |
| Topical term or geographic name entry element | Research instrument |
| 9 (RLIN) | 179247 |
| 700 ## - ADDED ENTRY--PERSONAL NAME | |
| Personal name | Harinakshi |
| Relator term | Guide |
| 9 (RLIN) | 179248 |
| 856 ## - ELECTRONIC LOCATION AND ACCESS | |
| Materials specified | KIOCL Limited |
| Uniform Resource Identifier | <a href="www.kioclltd.in">www.kioclltd.in</a> |
| 942 ## - ADDED ENTRY ELEMENTS (KOHA) | |
| Source of classification or shelving scheme | Dewey Decimal Classification |
| Koha item type | Project Report |
| Withdrawn status | Lost status | Source of classification or shelving scheme | Damaged status | Not for loan | Collection code | Home library | Current library | Shelving location | Date acquired | Total Checkouts | Barcode | Date last seen | Copy number | Price effective from | Koha item type |
|---|---|---|---|---|---|---|---|---|---|---|---|---|---|---|---|
| Dewey Decimal Classification | Project Report MBA | St Aloysius Institute of Management & Information Technology | St Aloysius Institute of Management & Information Technology | Dissertations | 09/17/2024 | PRB02437 | 09/17/2024 | 2216225 | 09/17/2024 | Project Report |